000
00213nam a22000857a 4500
008
160915b xxu||||| |||| 00| 0 eng d
100
_9
517
_a
Dutta E
245
_a
English-VIII
260
_a
New Delhi
_b
APC publication
_c
2006
999
_c
3174
_d
3174